Estudio de pre factibilidad para la construcción de la estación de bomberos de la ciudad de Bluefields
Presenta un estudio de prefactibilidad para la construcción de una estación de bomberos que brinde el servicio de calidad en materia de prevención y extinción de incendios, mediante trabajo personal, donaciones y otras formas de apoyo requerido.
| Main Authors: | , |
|---|---|
| Other Authors: | |
| Format: | Tesis Section = Libro |
| Language: | Undetermined Spanish |
| Published: |
Managua
UNI
2021
|
| Subjects: |
| LEADER | 01135nam a2200265Ia 4500 | ||
|---|---|---|---|
| 008 | 240830s9999 xx 000 0 und d | ||
| 040 | |a BIBLIOTECA-RUSB/ M.Mon 725.19 J91 | ||
| 041 | |a spa | ||
| 082 | |a M.Mon 725.19 J91 | ||
| 100 | 1 | |a Juárez Romero, Gioconda Isabel | |
| 100 | 1 | |b López Olivas, Ana Rosa | |
| 245 | 1 | 0 | |a Estudio de pre factibilidad para la construcción de la estación de bomberos de la ciudad de Bluefields |
| 260 | |a Managua |b UNI |c 2021 | ||
| 300 | |a 103 p. :il. | ||
| 500 | |a Contiene: anexos y CD. | ||
| 502 | |a Tesis (Máster en Gerencia de Proyectos de Desarrollo) - UNI, 2021. | ||
| 520 | 3 | |a Presenta un estudio de prefactibilidad para la construcción de una estación de bomberos que brinde el servicio de calidad en materia de prevención y extinción de incendios, mediante trabajo personal, donaciones y otras formas de apoyo requerido. | |
| 650 | 7 | |a ESTACION DE BOMBEROS | |
| 650 | 7 | |b CONSTRUCCION- EQUIPAMIENTO | |
| 650 | 7 | |c ESTUDIO SOCIO- ECONOMICO | |
| 650 | 7 | |d SINIESTROS- INCENDIOS | |
| 700 | 1 | |a Tutor: |b Zúniga, Gonzalo de Jesús | |
| 942 | |c BK |2 ddc | ||
| 991 | |a TESIS | ||
| 999 | |c 22118 | ||